Hermann Hesse: su vida y su obra

Guardat en:
Dades bibliogràfiques
Autor principal: Ball, Hugo (Autor)
Format: Llibre
Idioma:espanyol
Publicat: Barcelona Acantilado 2008
Edició:1a. ed
Col·lecció:El Acantilado, 170
Matèries:
Etiquetes: Afegir etiqueta
Sense etiquetes, Sigues el primer a etiquetar aquest registre!

MARC

LEADER 00000nam a2200000 a 4500
001 UCG4358
003 CL-VaPUC
008 101028e20080500SP |||||||||||||||||spa|d
020 |a 9788496834545 
082 0 4 |a 833.912  |b BAL  |2 21 
100 0 |a Ball, Hugo  |e author  |9 553697 
245 1 0 |a Hermann Hesse: su vida y su obra 
250 |a 1a. ed 
300 |a 219 p 
942 |c BK 
945 |d 20101028 00:00:00  |a mfarfan 
260 |a Barcelona  |b Acantilado  |c 2008 
600 0 7 |a HESSE, HERMANN  |2 CL-VaPUC  |9 553698 
583 |a last modification  |c 20101028 00:00:00  |k Rodrigo Vera 
490 0 |a El Acantilado, 170 
999 |c 343135  |d 343133 
952 |0 0  |1 0  |4 0  |6 833_912000000000000_BAL_2008  |7 0  |8 A  |9 440165  |a BIBART  |b BIBART  |d 2019-11-22  |i 4729579  |o 833.912 BAL 2008  |p 4729579  |r 2025-03-13  |w 2019-11-22  |y BK  |k ART